La caridad y la alegría: paradigmas del evangelio

Tallennettuna:
Bibliografiset tiedot
Yhteisötekijä: Sociedad Argentina de Teología (Tekijä)
Aineistotyyppi: Kirja
Kieli:espanja
Julkaistu: Buenos Aires Agape Libros 2015
Painos:1a. ed
Aiheet:
Tagit: Lisää tagi
Ei tageja, Lisää ensimmäinen tagi!

MARC

LEADER 00000cam a2200000 a 4500
001 UCE9124
003 CL-VaPUC
008 150928e20150000ag |||||||||||||||||spa|d
020 |a 9789876403733 
082 0 4 |a 261  |b SOC  |2 21 
110 2 |a Sociedad Argentina de Teología  |e author  |9 581837 
245 1 3 |a La caridad y la alegría: paradigmas del evangelio 
250 |a 1a. ed 
300 |a 4547 p 
942 |c BK 
945 |d 20150928 14:02:00  |a gsalatino 
260 |a Buenos Aires  |b Agape Libros  |c 2015 
500 |a XXXIII Semana argentina de teología 
650 0 |a Cristianismo  |9 257361 
650 0 |a Actas   |9 377156 
650 0 |a Congresos  |9 257560 
583 |a last modification  |c 20160105 01:50:50  |k Rodrigo Vera 
999 |c 360822  |d 360820 
952 |0 0  |1 0  |3 erb  |4 0  |6 261_000000000000000_SOC_2015  |7 0  |8 A  |9 470794  |a BIBTEO  |b BIBTEO  |i 5200296  |o 261 SOC 2015  |p 5200296  |r 2025-01-17  |w 2019-11-23  |y BK  |z Catalogado en:20150928  |k ICR 
952 |0 0  |1 0  |3 erb  |4 0  |6 261_000000000000000_SOC_2015  |7 0  |8 A  |9 470795  |a BIBTEO  |b BIBTEO  |i 5200288  |o 261 SOC 2015  |p 5200288  |r 2025-01-17  |w 2019-11-23  |y BK  |z Catalogado en:20150928  |k ICR